000 00300nam a22001337a 4500
020 _a817826349-1
082 _a823
_bSHA/T
100 _aWILLIAM SHAKESPEAR
245 _aTHE TEMPEST
260 _aDELHI
_bROHAN BOOK COMPANY
_c2003
300 _a222
650 _aMODERN ILLUSTRATED CLASSICS
942 _cBK
999 _c422
_d422